Big data and analytics (Record no. 241165)

MARC details
000 -LEADER
fixed length control field 00697nam a22002417a 4500
005 - DATE AND TIME OF LATEST TRANSACTION
control field 20260407150823.0
008 - FIXED-LENGTH DATA ELEMENTS--GENERAL INFORMATION
fixed length control field 260407b |||||||| |||| 00| 0 eng d
020 ## - INTERNATIONAL STANDARD BOOK NUMBER
International Standard Book Number 9788126579518
040 ## - CATALOGING SOURCE
Transcribing agency AL
041 ## - LANGUAGE CODE
Language code of text/sound track or separate title English
082 ## - DEWEY DECIMAL CLASSIFICATION NUMBER
Classification number 006.312
Item number ACHB
100 ## - MAIN ENTRY--PERSONAL NAME
Personal name Seema Acharya and others
100 ## - MAIN ENTRY--PERSONAL NAME
9 (RLIN) 260529
245 ## - TITLE STATEMENT
Title Big data and analytics
250 ## - EDITION STATEMENT
Edition statement 2
260 ## - PUBLICATION, DISTRIBUTION, ETC.
Place of publication, distribution, etc. New Delhi
Name of publisher, distributor, etc. Wiley India Pvt Ltd
Date of publication, distribution, etc. 2025
300 ## - PHYSICAL DESCRIPTION
Extent 364 p.
Other physical details PB
Dimensions 23x18 cm.
365 ## - TRADE PRICE
Price type code VBI-2645
Price amount ₹591.75
Currency code
Unit of pricing ₹789.00
Price note 25%
Price effective from 20-02-2026
650 ## - SUBJECT ADDED ENTRY--TOPICAL TERM
Topical term or geographic name entry element Digital data
9 (RLIN) 260530
650 ## - SUBJECT ADDED ENTRY--TOPICAL TERM
Topical term or geographic name entry element big data
9 (RLIN) 260531
650 ## - SUBJECT ADDED ENTRY--TOPICAL TERM
Topical term or geographic name entry element Introduction to MonogoDB
9 (RLIN) 260532
700 ## - ADDED ENTRY--PERSONAL NAME
Personal name Chellappan,Subhashini
9 (RLIN) 260533
942 ## - ADDED ENTRY ELEMENTS (KOHA)
Source of classification or shelving scheme Dewey Decimal Classification
Koha item type Book
Holdings
Withdrawn status Lost status Source of classification or shelving scheme Damaged status Not for loan Collection code Home library Current library Date acquired Source of acquisition Cost, normal purchase price Total Checkouts Full call number Barcode Date last seen Cost, replacement price Price effective from Koha item type
    Dewey Decimal Classification     Information Science and Engineering St Aloysius Engineering Library St Aloysius Engineering Library 04/02/2026 Vidyathri Books, Bengaluru-560076 591.75   006.312 ACHB SE000305 04/07/2026 789.00 02/20/2026 Book